| 000 | 01041cam a2200301 a 4500 | ||
|---|---|---|---|
| 999 |
_c559 _d559 |
||
| 001 | ABF-4849 | ||
| 003 | CaOONL | ||
| 005 | 20210615104608.0 | ||
| 008 | 970625s1998 oncab 001 eng c | ||
| 016 | _a979315115 | ||
| 020 | _a013839671X : | ||
| 040 |
_aCaOTU _beng _cCaOTU |
||
| 050 |
_aHC113 _b.H42 1998 |
||
| 090 |
_aHC113 _b.H42 1998 |
||
| 245 | 0 | 0 |
_aHeartland & hinterland : _ba regional geography of Canada / _cedited by Larry McCann, Angus Gunn. |
| 246 | 3 | _aHeartland and hinterland. | |
| 250 | _a3rd ed. | ||
| 260 |
_aScarborough, Ont. : _bPrentice Hall Canada, _c1998. |
||
| 300 |
_axxii, 440 p. : _bill. (some col.), maps (some col.) ; _c26 cm. |
||
| 500 | _aMaps on end papers. | ||
| 504 | _aIncludes bibliographical references and index. | ||
| 650 | 0 |
_aRegionalism _zCanada. |
|
| 651 | 0 |
_aCanada _xEconomic conditions. |
|
| 700 | 1 |
_aMcCann, L. D. _q(Lawrence Douglas), _d1945- |
|
| 700 | 1 |
_aGunn, Angus M. _q(Angus MacLeod), _d1920- |
|
| 942 |
_2lcc _cBK _nSO |
||
| 945 |
_aHC113.H42 1998 _i30020003158732 _l010101 _t00 _yABF-4849 |
||